|
|
|
|
| LEADER |
00000caa a22000002c 4500 |
| 001 |
1912545373 |
| 003 |
DE-627 |
| 005 |
20250125055144.0 |
| 007 |
cr uuu---uuuuu |
| 008 |
241217s2004 xx |||||o 00| ||eng c |
| 035 |
|
|
|a (DE-627)1912545373
|
| 035 |
|
|
|a (DE-599)KXP1912545373
|
| 040 |
|
|
|a DE-627
|b ger
|c DE-627
|e rda
|
| 041 |
|
|
|a eng
|
| 084 |
|
|
|a 2,1
|2 ssgn
|
| 100 |
1 |
|
|a Logan, Cassandra A.
|e VerfasserIn
|4 aut
|
| 245 |
1 |
0 |
|a An Examination of the Relationship between Marital Status, Social Support, and Psychological Well-being among African American Women
|
| 264 |
|
1 |
|b Pennsylvania State University
|c 2004
|
| 336 |
|
|
|a Text
|b txt
|2 rdacontent
|
| 337 |
|
|
|a Computermedien
|b c
|2 rdamedia
|
| 338 |
|
|
|a Online-Ressource
|b cr
|2 rdacarrier
|
| 773 |
0 |
8 |
|i Enthalten in
|t ProQuest Dissertations and Theses
|
| 787 |
0 |
8 |
|i Forschungsdaten
|a Jackson, James S. (James Sidney)
|t National Survey of Black Americans, Waves 1-4, 1979-1980, 1987-1988, 1988-1989, 1992
|d [Erscheinungsort nicht ermittelbar] : [Verlag nicht ermittelbar], 1996
|w (DE-627)1840065524
|
| 856 |
4 |
0 |
|u https://www.proquest.com/docview/305144414/73871095AA9F4057PQ?accountid=14667
|x Verlag
|z lizenzpflichtig
|3 Volltext
|7 1
|
| 935 |
|
|
|a mkri
|
| 951 |
|
|
|a AR
|
| ELC |
|
|
|a 1
|
| LOK |
|
|
|0 000 xxxxxcx a22 zn 4500
|
| LOK |
|
|
|0 001 4637510872
|
| LOK |
|
|
|0 003 DE-627
|
| LOK |
|
|
|0 004 1912545373
|
| LOK |
|
|
|0 005 20241217044435
|
| LOK |
|
|
|0 008 241217||||||||||||||||ger|||||||
|
| LOK |
|
|
|0 035
|a (DE-2619)ICPSR166306
|
| LOK |
|
|
|0 040
|a DE-2619
|c DE-627
|d DE-2619
|
| LOK |
|
|
|0 092
|o n
|
| LOK |
|
|
|0 852
|a DE-2619
|
| LOK |
|
|
|0 852 1
|9 00
|
| LOK |
|
|
|0 935
|a uvkn
|a nacp
|
| LOK |
|
|
|0 939
|a 17-12-24
|b l01
|
| ORI |
|
|
|a SA-MARC-krimdoka001.raw
|